000 00266 a2200109 4500
001 58761
082 _a629.13252 MAS
090 _c36074
_d36074
100 _aMason J K.
245 _aAviation accident pathology
260 _aLondon
_bButherworth Heinemann
_c1962
942 _aNUST-CAE
_k629.13252 MAS
999 _c293834
_d293834